| 000 | 01245nam a2200241 i 4500 | ||
|---|---|---|---|
| 001 | 153635 | ||
| 003 | ES-MaACL | ||
| 005 | 20251012205305.0 | ||
| 008 | 021213q18971902sp a |||| | spa d | ||
| 040 |
_aCCPB | B _bspa _cCCPB | B |
||
| 245 | 0 | 0 |
_aEnciclopedia de ginecología / _cpublicada bajo la dirección de J. Veit ; versión castellana de Isidoro de Miguel ... [et al.] ; precedido de un prólogo escrito pot Eugenio Gutiérrez. |
| 260 |
_aMadrid : _bAdministración de la Revista de Medicina y Cirugía Prácticas, _c[s.a.] ( _fimprenta y librería de Nicolás Moya) |
||
| 300 |
_a4 v. (XVI, 636 ; 874 ; 750 ; 859 p.) : _bil. ; _c25 cm. |
||
| 490 | 1 | _aBiblioteca de la Revista de Medicina y Cirugía Prácticas | |
| 596 | _aLos 4 v. carecen de fecha en pie de imp., la 1ª ed. alemana de la obra es de 1897, en colofón del t. IV consta 1902 como fecha de finalización de la impresión. | ||
| 650 | 0 | 4 |
_aGinecología. _913119 |
| 700 | 1 |
_aGutiérrez, Eugenio, _d1851-1914 _9127664 |
|
| 700 | 0 |
_aMiguel y Viguri, Isidoro de. _981043 |
|
| 700 | 1 |
_aVeit, Johann ( _d1852-1917) _9133587 |
|
| 830 | 0 |
_aBiblioteca de la Revista de Medicina y Cirugía Prácticas _9182368 |
|
| 852 |
_aES-MaACL _jB-10984-87 |
||
| 999 |
_c153635 _d153635 |
||